000
00301nam a2200109 a 4500
005
20140414093832.0
008
970109s19uu xx 00 eng d
050
_a
VHS 500
_b
OR 06
245
_a
Britannica Science and Tecnology Video Library :
_b
Video 17. Astronomy.
942
_c
AVM
999
_c
108755
_d
108755